[Event "Villarobledo Online Qualifyer"]
[Site "playchess.com #155672"]
[Date "2009.05.23"]
[Round "10"]
[White "Promotionfou"]
[Black "Byrdmanjr"]
[Result "1-0"]
[WhiteElo "2127"]
[BlackElo "1973"]
[PlyCount "115"]
[EventDate "2009.05.23"]
[EventType "swiss (blitz)"]

1. e4 {[%emt 0:00:01]} e5 {[%emt 0:00:01]} 2. Nf3 {[%emt 0:00:01]} Nc6 {[%emt
0:00:01]} 3. Bb5 {[%emt 0:00:01]} a6 {[%emt 0:00:01]} 4. Ba4 {[%emt 0:00:01]}
Nf6 {[%emt 0:00:01]} 5. d3 {[%emt 0:00:00]} b5 {[%emt 0:00:01]} 6. Bb3 {[%emt
0:00:01]} Bb7 {[%emt 0:00:00]} 7. c3 {[%emt 0:00:01]} Bc5 {[%emt 0:00:02]} 8.
Nbd2 {[%emt 0:00:00]} O-O {[%emt 0:00:01]} 9. Nf1 {[%emt 0:00:04]} d5 {[%emt 0:
00:01]} 10. Qe2 {[%emt 0:00:02]} Na5 {[%emt 0:00:03]} 11. Bc2 {[%emt 0:00:02]}
dxe4 {[%emt 0:00:02]} 12. dxe4 {[%emt 0:00:01]} Nc4 {[%emt 0:00:04]} 13. Ng3 {
[%emt 0:00:02]} Re8 {[%emt 0:00:12]} 14. O-O {[%emt 0:00:01]} Bc8 {[%emt 0:00:
01]} 15. Rd1 {[%emt 0:00:03]} Qe7 {[%emt 0:00:02]} 16. Bg5 {[%emt 0:00:01]} Bg4
{[%emt 0:00:01]} 17. h3 {[%emt 0:00:02]} Be6 {[%emt 0:00:03]} 18. b3 {[%emt 0:
00:06]} Na3 {[%emt 0:00:02]} 19. Nxe5 {[%emt 0:00:03]} Bxh3 {[%emt 0:00:08]}
20. Nc6 {[%emt 0:00:10]} Qe6 {[%emt 0:00:12]} 21. Nd4 {[%emt 0:00:30]} Bxd4 {
[%emt 0:00:07]} 22. cxd4 {[%emt 0:00:01]} Bg4 {[%emt 0:00:01]} 23. f3 {[%emt 0:
00:01]} Nh5 {[%emt 0:00:15]} 24. Nf1 {[%emt 0:00:14]} Nxc2 {[%emt 0:00:08]} 25.
Qxc2 {[%emt 0:00:02]} h6 {[%emt 0:00:25]} 26. Bc1 {[%emt 0:00:05]} Bxf3 {[%emt
0:00:25]} 27. gxf3 {[%emt 0:00:03]} f5 {[%emt 0:00:01]} 28. Re1 {[%emt 0:00:07]
} f4 {[%emt 0:00:11]} 29. Qg2 {[%emt 0:00:04]} a5 {[%emt 0:00:08]} 30. d5 {
[%emt 0:00:01]} Qe5 {[%emt 0:00:09]} 31. Bb2 {[%emt 0:00:02]} Qe7 {[%emt 0:00:
09]} 32. Rac1 {[%emt 0:00:03]} Ra6 {[%emt 0:00:02]} 33. Rc6 {[%emt 0:00:02]}
Rxc6 {[%emt 0:00:04]} 34. dxc6 {[%emt 0:00:01]} Qc5+ {[%emt 0:00:05]} 35. Kh2 {
[%emt 0:00:05]} Qxc6 {[%emt 0:00:43]} 36. Rc1 {[%emt 0:00:02]} Qb6 {[%emt 0:00:
08]} 37. Rc2 {[%emt 0:00:06]} Re6 {[%emt 0:00:01]} 38. Qg4 {[%emt 0:00:05]} Rg6
{[%emt 0:00:03]} 39. Qc8+ {[%emt 0:00:40] .} Kh7 {[%emt 0:00:01]} 40. Rg2 {
[%emt 0:00:04]} Qf2 {[%emt 0:00:04]} 41. Rxf2 {[%emt 0:00:09]} Ng3 {[%emt 0:00:
02]} 42. Nxg3 {[%emt 0:00:02]} fxg3+ {[%emt 0:00:00]} 43. Kg2 {[%emt 0:00:00]}
gxf2+ {[%emt 0:00:00]} 44. Kxf2 {[%emt 0:00:00]} Rc6 {[%emt 0:00:01]} 45. Bd4 {
[%emt 0:00:04]} Rc2+ {[%emt 0:00:02]} 46. Ke3 {[%emt 0:00:01]} Rxa2 {[%emt 0:
00:02]} 47. Qxc7 {[%emt 0:00:01]} Rg2 {[%emt 0:00:01]} 48. Qxa5 {[%emt 0:00:02]
} h5 {[%emt 0:00:01]} 49. Qxb5 {[%emt 0:00:01]} h4 {[%emt 0:00:00]} 50. Qh5+ {
[%emt 0:00:01]} Kg8 {[%emt 0:00:01]} 51. Qxh4 {[%emt 0:00:00]} Rg6 {[%emt 0:00:
01]} 52. Qd8+ {[%emt 0:00:01]} Kh7 {[%emt 0:00:01]} 53. b4 {[%emt 0:00:00]} Rc6
{[%emt 0:00:01]} 54. b5 {[%emt 0:00:01]} Rg6 {[%emt 0:00:00]} 55. b6 {[%emt 0:
00:01]} Rxb6 {[%emt 0:00:00]} 56. Qxb6 {[%emt 0:00:01]} g6 {[%emt 0:00:03]} 57.
Qf6 {[%emt 0:00:03]} Kh6 {[%emt 0:00:00]} 58. Qh4# {[%emt 0:00:02]} 1-0

[Event "Villarobledo Online Qualifyer"]
[Site "playchess.com #155672"]
[Date "2009.05.23"]
[Round "10"]
[White "Timeh123"]
[Black "Marx"]
[Result "1-0"]
[WhiteElo "1528"]
[BlackElo "1367"]
[PlyCount "119"]
[EventDate "2009.05.23"]
[EventType "swiss (blitz)"]

1. e4 {[%emt 0:00:00]} c5 {[%emt 0:00:02]} 2. Nc3 {[%emt 0:00:01]} Nc6 {[%emt
0:00:03]} 3. f4 {[%emt 0:00:01]} d6 {[%emt 0:00:12]} 4. d3 {[%emt 0:00:07]} e6
{[%emt 0:00:08]} 5. Nf3 {[%emt 0:00:03]} Nf6 {[%emt 0:00:08]} 6. g3 {[%emt 0:
00:03]} Nd4 {[%emt 0:00:10]} 7. Bg2 {[%emt 0:00:04]} Be7 {[%emt 0:00:11]} 8.
O-O {[%emt 0:00:02]} Qb6 {[%emt 0:00:04]} 9. Be3 {[%emt 0:00:03]} Bd7 {[%emt 0:
00:16]} 10. Nxd4 {[%emt 0:00:03]} cxd4 {[%emt 0:00:01]} 11. Bf2 {[%emt 0:00:01]
} Qxb2 {[%emt 0:00:23]} 12. Bxd4 {[%emt 0:00:06]} e5 {[%emt 0:00:02]} 13. Rb1 {
[%emt 0:00:03]} Qa3 {[%emt 0:00:03]} 14. Rb3 {[%emt 0:00:04]} Qa5 {[%emt 0:00:
05]} 15. Be3 {[%emt 0:00:05]} O-O {[%emt 0:00:15]} 16. Ne2 {[%emt 0:00:07]} b6
{[%emt 0:00:08]} 17. Qb1 {[%emt 0:00:04]} Be6 {[%emt 0:00:10]} 18. f5 {[%emt 0:
00:02]} Bxb3 {[%emt 0:00:02]} 19. axb3 {[%emt 0:00:11]} d5 {[%emt 0:00:13]} 20.
c3 {[%emt 0:00:12]} Rac8 {[%emt 0:00:11]} 21. Rc1 {[%emt 0:00:06]} d4 {[%emt 0:
00:21]} 22. cxd4 {[%emt 0:00:02]} Rxc1+ {[%emt 0:00:02]} 23. Qxc1 {[%emt 0:00:
05]} exd4 {[%emt 0:00:15]} 24. Bxd4 {[%emt 0:00:00]} Rd8 {[%emt 0:00:07]} 25.
Qg5 {[%emt 0:00:05]} Rxd4 {[%emt 0:00:05]} 26. Nxd4 {[%emt 0:00:05]} Qa1+ {
[%emt 0:00:04]} 27. Bf1 {[%emt 0:00:11]} Qxd4+ {[%emt 0:00:01]} 28. Kg2 {[%emt
0:00:04]} Qb2+ {[%emt 0:00:02]} 29. Kh3 {[%emt 0:00:03]} Qa3 {[%emt 0:00:02]}
30. e5 {[%emt 0:00:02]} Ne4 {[%emt 0:00:03]} 31. Qg4 {[%emt 0:00:05]} Ng5+ {
[%emt 0:00:03]} 32. Kg2 {[%emt 0:00:04]} h6 {[%emt 0:00:02]} 33. h4 {[%emt 0:
00:03]} Qb2+ {[%emt 0:00:06]} 34. Be2 {[%emt 0:00:05]} Qd2 {[%emt 0:00:05]} 35.
hxg5 {[%emt 0:00:03]} Bxg5 {[%emt 0:00:01]} 36. f6 {[%emt 0:00:05]} gxf6 {
[%emt 0:00:02]} 37. exf6 {[%emt 0:00:01]} Qe3 {[%emt 0:00:02]} 38. Qf3 {[%emt
0:00:04]} Qe7 {[%emt 0:00:02]} 39. g4 {[%emt 0:00:07]} Qe6 {[%emt 0:00:04]} 40.
Kg3 {[%emt 0:00:04]} Qxf6 {[%emt 0:00:01]} 41. Qxf6 {[%emt 0:00:01]} Bxf6 {
[%emt 0:00:01]} 42. Bf3 {[%emt 0:00:00]} Bc3 {[%emt 0:00:01]} 43. Be4 {[%emt 0:
00:01]} Kg7 {[%emt 0:00:02]} 44. Kh4 {[%emt 0:00:01]} f6 {[%emt 0:00:00]} 45.
Kg3 {[%emt 0:00:01]} Be5+ {[%emt 0:00:00]} 46. Kf3 {[%emt 0:00:01]} a6 {[%emt
0:00:01]} 47. Ke3 {[%emt 0:00:03]} a5 {[%emt 0:00:01] Marx offers a draw} 48.
Kf3 {[%emt 0:00:03]} Bd4 {[%emt 0:00:01]} 49. Kf4 {[%emt 0:00:01]} Be5+ {[%emt
0:00:01]} 50. Kf5 {[%emt 0:00:01]} b5 {[%emt 0:00:02]} 51. Ke6 {[%emt 0:00:02]}
b4 {[%emt 0:00:01]} 52. Kd5 {[%emt 0:00:04]} a4 {[%emt 0:00:01]} 53. bxa4 {
[%emt 0:00:03]} b3 {[%emt 0:00:01]} 54. Kc4 {[%emt 0:00:04]} b2 {[%emt 0:00:01]
} 55. d4 {[%emt 0:00:01]} f5 {[%emt 0:00:14]} 56. Bxf5 {[%emt 0:00:03]} Bf4 {
[%emt 0:00:04]} 57. Kc3 {[%emt 0:00:05]} Kf6 {[%emt 0:00:00]} 58. Kxb2 {[%emt
0:00:02]} h5 {[%emt 0:00:02]} 59. a5 {[%emt 0:00:03]} hxg4 {[%emt 0:00:02]} 60.
Bxg4 {[%emt 0:00:00] Marx resigns} 1-0

[Event "Villarobledo Online Qualifyer"]
[Site "playchess.com #155672"]
[Date "2009.05.23"]
[Round "10"]
[White "drift"]
[Black "CubaChessPraxis"]
[Result "1/2-1/2"]
[WhiteElo "1845"]
[BlackElo "2129"]
[PlyCount "105"]
[EventDate "2009.05.23"]
[EventType "swiss (blitz)"]

1. d4 {[%emt 0:00:03]} f5 {[%emt 0:00:02]} 2. Bg5 {[%emt 0:00:02]} d5 {[%emt 0:
00:02]} 3. e3 {[%emt 0:00:09]} Nf6 {[%emt 0:00:02]} 4. Bxf6 {[%emt 0:00:02]}
exf6 {[%emt 0:00:02]} 5. Bd3 {[%emt 0:00:02]} Be6 {[%emt 0:00:03]} 6. h4 {
[%emt 0:00:10]} Be7 {[%emt 0:00:09]} 7. Ne2 {[%emt 0:00:02]} Qd7 {[%emt 0:00:
12]} 8. Nf4 {[%emt 0:00:01]} Bf7 {[%emt 0:00:06]} 9. c3 {[%emt 0:00:08]} Nc6 {
[%emt 0:00:05]} 10. Qc2 {[%emt 0:00:02]} g6 {[%emt 0:00:02]} 11. h5 {[%emt 0:
00:02]} O-O-O {[%emt 0:00:04]} 12. hxg6 {[%emt 0:00:02]} hxg6 {[%emt 0:00:02]}
13. Rxh8 {[%emt 0:00:03]} Rxh8 {[%emt 0:00:02]} 14. Ke2 {[%emt 0:00:02]} Nd8 {
[%emt 0:00:03]} 15. Nd2 {[%emt 0:00:01]} Ne6 {[%emt 0:00:03]} 16. Nxe6 {[%emt
0:00:02]} Bxe6 {[%emt 0:00:04]} 17. Nb3 {[%emt 0:00:05]} b6 {[%emt 0:00:03]}
18. Ba6+ {[%emt 0:00:02]} Kb8 {[%emt 0:00:03]} 19. a4 {[%emt 0:00:01]} f4 {
[%emt 0:00:03]} 20. a5 {[%emt 0:00:05]} fxe3 {[%emt 0:00:03]} 21. f3 {[%emt 0:
00:05]} Rh2 {[%emt 0:00:03]} 22. Rg1 {[%emt 0:00:02]} Qd6 {[%emt 0:00:05]} 23.
axb6 {[%emt 0:00:03]} cxb6 {[%emt 0:00:04]} 24. Qxg6 {[%emt 0:00:02]} Qd7 {
[%emt 0:00:36]} 25. Bd3 {[%emt 0:00:27]} a5 {[%emt 0:00:16]} 26. Na1 {[%emt 0:
00:17]} Qc7 {[%emt 0:00:12]} 27. Qe8+ {[%emt 0:00:07]} Ka7 {[%emt 0:00:02]} 28.
Qb5 {[%emt 0:00:03]} Bh3 {[%emt 0:00:05]} 29. Kxe3 {[%emt 0:00:13]} Bd8 {[%emt
0:00:07]} 30. gxh3 {[%emt 0:00:19]} Qe7+ {[%emt 0:00:03]} 31. Be4 {[%emt 0:00:
01]} dxe4 {[%emt 0:00:03]} 32. fxe4 {[%emt 0:00:04]} Rxh3+ {[%emt 0:00:04]} 33.
Kd2 {[%emt 0:00:03]} Rh2+ {[%emt 0:00:04]} 34. Kc1 {[%emt 0:00:04]} Bc7 {[%emt
0:00:09]} 35. Re1 {[%emt 0:00:06]} Qh7 {[%emt 0:00:06]} 36. Nc2 {[%emt 0:00:08]
} Qh6+ {[%emt 0:00:02]} 37. Kb1 {[%emt 0:00:02]} Qd2 {[%emt 0:00:02]} 38. Rc1 {
[%emt 0:00:05]} Bf4 {[%emt 0:00:03]} 39. Qd7+ {[%emt 0:00:09]} Kb8 {[%emt 0:00:
03]} 40. Qd8+ {[%emt 0:00:09]} Kb7 {[%emt 0:00:02]} 41. Qd7+ {[%emt 0:00:01]}
Bc7 {[%emt 0:00:06]} 42. Qd5+ {[%emt 0:00:07]} Ka7 {[%emt 0:00:02]} 43. Qc6 {
[%emt 0:00:06]} Kb8 {[%emt 0:00:10]} 44. Qe8+ {[%emt 0:00:02]} Kb7 {[%emt 0:00:
01]} 45. d5 {[%emt 0:00:10]} Bf4 {[%emt 0:00:08]} 46. Qc6+ {[%emt 0:00:01]} Ka7
{[%emt 0:00:02]} 47. Qd7+ {[%emt 0:00:08]} Ka6 {[%emt 0:00:01]} 48. Qc8+ {
[%emt 0:00:01]} Ka7 {[%emt 0:00:10]} 49. Qd7+ {[%emt 0:00:02]} Kb8 {[%emt 0:00:
04]} 50. Qd8+ {[%emt 0:00:01]} Kb7 {[%emt 0:00:03]} 51. Qd7+ {[%emt 0:00:01]}
Ka6 {[%emt 0:00:03]} 52. Qc8+ {[%emt 0:00:01]} Ka7 {[%emt 0:00:02]} 53. Qd7+ {
[%emt 0:00:01]} 1/2-1/2

[Event "Villarobledo Online Qualifyer"]
[Site "playchess.com #155672"]
[Date "2009.05.23"]
[Round "10"]
[White "Dreistein"]
[Black "Too Easy"]
[Result "1-0"]
[WhiteElo "1870"]
[BlackElo "1617"]
[PlyCount "103"]
[EventDate "2009.05.23"]
[EventType "swiss (blitz)"]

1. d4 {[%emt 0:00:02]} Nf6 {[%emt 0:00:02]} 2. Nf3 {[%emt 0:00:01]} g6 {[%emt
0:00:00]} 3. c4 {[%emt 0:00:01]} Bg7 {[%emt 0:00:01]} 4. Nc3 {[%emt 0:00:01]}
d5 {[%emt 0:00:01]} 5. cxd5 {[%emt 0:00:01]} Nxd5 {[%emt 0:00:01]} 6. e4 {
[%emt 0:00:00]} Nxc3 {[%emt 0:00:00]} 7. bxc3 {[%emt 0:00:01]} O-O {[%emt 0:00:
00]} 8. Rb1 {[%emt 0:00:01]} c5 {[%emt 0:00:02]} 9. Qd2 {[%emt 0:00:03]} b6 {
[%emt 0:00:16]} 10. Bc4 {[%emt 0:00:04]} Qc7 {[%emt 0:00:06]} 11. d5 {[%emt 0:
00:16]} Ba6 {[%emt 0:00:15]} 12. Qe2 {[%emt 0:00:09]} Bxc3+ {[%emt 0:00:04]}
13. Bd2 {[%emt 0:00:11]} Bxc4 {[%emt 0:00:04]} 14. Qxc4 {[%emt 0:00:08]} Bg7 {
[%emt 0:00:08]} 15. O-O {[%emt 0:00:08]} Nd7 {[%emt 0:00:00]} 16. h3 {[%emt 0:
00:13]} Ne5 {[%emt 0:00:01]} 17. Nxe5 {[%emt 0:00:01]} Bxe5 {[%emt 0:00:00]}
18. f4 {[%emt 0:00:01]} Bd4+ {[%emt 0:00:02]} 19. Kh1 {[%emt 0:00:01]} Rfe8 {
[%emt 0:00:06]} 20. Rfc1 {[%emt 0:00:13]} e6 {[%emt 0:00:10]} 21. Qxd4 {[%emt
0:00:09]} cxd4 {[%emt 0:00:03]} 22. Rxc7 {[%emt 0:00:02]} exd5 {[%emt 0:00:00]}
23. exd5 {[%emt 0:00:01]} Re2 {[%emt 0:00:02]} 24. d6 {[%emt 0:00:19]} Rd8 {
[%emt 0:00:12]} 25. d7 {[%emt 0:00:23]} Kg7 {[%emt 0:00:00]} 26. Bb4 {[%emt 0:
00:11]} d3 {[%emt 0:00:09]} 27. Rd1 {[%emt 0:00:05]} Re4 {[%emt 0:00:15]} 28.
Bc3+ {[%emt 0:00:09]} f6 {[%emt 0:00:14]} 29. Rxd3 {[%emt 0:00:05]} Rxf4 {
[%emt 0:00:02]} 30. Rxa7 {[%emt 0:00:20]} Rc4 {[%emt 0:00:04]} 31. Rf3 {[%emt
0:00:08]} Rc6 {[%emt 0:00:10]} 32. a4 {[%emt 0:00:04]} Kf7 {[%emt 0:00:04]} 33.
Rb7 {[%emt 0:00:05]} f5 {[%emt 0:00:00]} 34. Bd2 {[%emt 0:00:07]} Kf6 {[%emt 0:
00:10]} 35. h4 {[%emt 0:00:02]} Ke6 {[%emt 0:00:10]} 36. Rd3 {[%emt 0:00:03]}
Rd6 {[%emt 0:00:30] '} 37. Rxd6+ {[%emt 0:00:02]} Kxd6 {[%emt 0:00:00]} 38. Be3
{[%emt 0:00:03]} Kc6 {[%emt 0:00:16]} 39. Bxb6 {[%emt 0:00:04]} Kxb7 {[%emt 0:
00:05]} 40. Bxd8 {[%emt 0:00:03]} h6 {[%emt 0:00:03]} 41. Bg5 {[%emt 0:00:04]}
hxg5 {[%emt 0:00:07]} 42. d8=Q {[%emt 0:00:04]} gxh4 {[%emt 0:00:03]} 43. Qxh4
{[%emt 0:00:03]} Ka6 {[%emt 0:00:02]} 44. Qg5 {[%emt 0:00:01]} Ka5 {[%emt 0:00:
00]} 45. Qxg6 {[%emt 0:00:01]} Kxa4 {[%emt 0:00:00]} 46. Qxf5 {[%emt 0:00:01]}
Kb4 {[%emt 0:00:00]} 47. g4 {[%emt 0:00:00]} Kc4 {[%emt 0:00:00]} 48. g5 {
[%emt 0:00:01]} Kb4 {[%emt 0:00:00]} 49. g6 {[%emt 0:00:01]} Kc4 {[%emt 0:00:
00]} 50. g7 {[%emt 0:00:01]} Kd4 {[%emt 0:00:00]} 51. g8=Q {[%emt 0:00:03]} Kc3
{[%emt 0:00:03] Too Easy abandonne} 52. Qd8 {[%emt 0:00:03]} 1-0

[Event "Villarobledo Online Qualifyer"]
[Site "playchess.com #155672"]
[Date "2009.05.23"]
[Round "10"]
[White "Master of poker"]
[Black "Ajaraisk"]
[Result "0-1"]
[WhiteElo "2475"]
[BlackElo "2190"]
[PlyCount "120"]
[EventDate "2009.05.23"]
[EventType "swiss (blitz)"]

1. e4 {[%emt 0:00:01]} d6 {[%emt 0:00:01]} 2. d4 {[%emt 0:00:05]} Nf6 {[%emt 0:
00:01]} 3. Nc3 {[%emt 0:00:02]} g6 {[%emt 0:00:01]} 4. f4 {[%emt 0:00:03]} Bg7
{[%emt 0:00:01]} 5. Nf3 {[%emt 0:00:00]} c5 {[%emt 0:00:01]} 6. dxc5 {[%emt 0:
00:04]} Qa5 {[%emt 0:00:01]} 7. Bd3 {[%emt 0:00:03]} Qxc5 {[%emt 0:00:01]} 8.
Qe2 {[%emt 0:00:01]} Ng4 {[%emt 0:00:00]} 9. Bd2 {[%emt 0:00:04]} O-O {[%emt 0:
00:01]} 10. h3 {[%emt 0:00:02]} Nf6 {[%emt 0:00:01]} 11. Be3 {[%emt 0:00:10]}
Qc7 {[%emt 0:00:03]} 12. O-O {[%emt 0:00:07]} a6 {[%emt 0:00:04]} 13. Kh1 {
[%emt 0:00:12]} Nbd7 {[%emt 0:00:02]} 14. a4 {[%emt 0:00:01]} b6 {[%emt 0:00:
01]} 15. Bd4 {[%emt 0:00:04]} Bb7 {[%emt 0:00:01]} 16. e5 {[%emt 0:00:02]} dxe5
{[%emt 0:00:20]} 17. Nxe5 {[%emt 0:00:04]} Nh5 {[%emt 0:00:07]} 18. Kh2 {[%emt
0:00:16]} Nc5 {[%emt 0:00:10]} 19. g3 {[%emt 0:00:30]} Rad8 {[%emt 0:00:03]}
20. Bf2 {[%emt 0:00:26]} Nxd3 {[%emt 0:00:16]} 21. cxd3 {[%emt 0:00:11]} e6 {
[%emt 0:00:09]} 22. Rac1 {[%emt 0:00:10]} Qd6 {[%emt 0:00:08]} 23. d4 {[%emt 0:
00:30]} Nf6 {[%emt 0:00:10]} 24. Rfd1 {[%emt 0:00:05]} Qb4 {[%emt 0:00:05]} 25.
Nd3 {[%emt 0:00:05]} Qd6 {[%emt 0:00:05]} 26. Ne5 {[%emt 0:00:01]} Qb4 {[%emt
0:00:02]} 27. Be3 {[%emt 0:00:08]} h5 {[%emt 0:00:05]} 28. Nd3 {[%emt 0:00:02]}
Qd6 {[%emt 0:00:03]} 29. Ne5 {[%emt 0:00:00]} Qb4 {[%emt 0:00:01]} 30. Rd2 {
[%emt 0:00:12]} Nd5 {[%emt 0:00:06]} 31. Nd3 {[%emt 0:00:04]} Qd6 {[%emt 0:00:
08]} 32. Ne4 {[%emt 0:00:01]} Qd7 {[%emt 0:00:10]} 33. Ne5 {[%emt 0:00:01]}
Qxa4 {[%emt 0:00:07]} 34. Rc4 {[%emt 0:00:16]} Qb5 {[%emt 0:00:11]} 35. Rdc2 {
[%emt 0:00:01]} Nb4 {[%emt 0:00:10]} 36. Rc1 {[%emt 0:00:04]} Bxe4 {[%emt 0:00:
01]} 37. Bd2 {[%emt 0:00:02]} Bd3 {[%emt 0:00:13]} 38. Nxd3 {[%emt 0:00:03]}
Nxd3 {[%emt 0:00:00]} 39. Qxd3 {[%emt 0:00:00]} Qxb2 {[%emt 0:00:08]} 40. R1c2
{[%emt 0:00:02]} Rxd4 {[%emt 0:00:08]} 41. Qe2 {[%emt 0:00:04]} Qb5 {[%emt 0:
00:07]} 42. Be3 {[%emt 0:00:03]} Rxc4 {[%emt 0:00:04]} 43. Rxc4 {[%emt 0:00:00]
} a5 {[%emt 0:00:06]} 44. h4 {[%emt 0:00:02]} a4 {[%emt 0:00:02]} 45. Kh3 {
[%emt 0:00:01]} a3 {[%emt 0:00:03]} 46. Qa2 {[%emt 0:00:02]} Qb2 {[%emt 0:00:
06]} 47. Qxb2 {[%emt 0:00:05]} axb2 {[%emt 0:00:01]} 48. Rb4 {[%emt 0:00:01]}
Rd8 {[%emt 0:00:15]} 49. Bxb6 {[%emt 0:00:08]} Rd1 {[%emt 0:00:04]} 50. Rxb2 {
[%emt 0:00:03]} Bxb2 {[%emt 0:00:02]} 51. Be3 {[%emt 0:00:00]} Bd4 {[%emt 0:00:
03]} 52. Bxd4 {[%emt 0:00:02]} Rxd4 {[%emt 0:00:01]} 53. Kg2 {[%emt 0:00:00]}
Rd3 {[%emt 0:00:01]} 54. Kh3 {[%emt 0:00:01]} Kg7 {[%emt 0:00:02]} 55. Kg2 {
[%emt 0:00:00]} Kf6 {[%emt 0:00:01]} 56. Kh3 {[%emt 0:00:00]} Kf5 {[%emt 0:00:
01]} 57. Kg2 {[%emt 0:00:00]} Kg4 {[%emt 0:00:01]} 58. Kh2 {[%emt 0:00:00]}
Rd2+ {[%emt 0:00:01]} 59. Kh1 {[%emt 0:00:00]} Kxg3 {[%emt 0:00:01]} 60. f5 {
[%emt 0:00:01]} Rd1# {[%emt 0:00:01]} 0-1

[Event "Villarobledo Online Qualifyer"]
[Site "playchess.com #155672"]
[Date "2009.05.23"]
[Round "10"]
[White "Murri"]
[Black "DHCA"]
[Result "0-1"]
[WhiteElo "1808"]
[BlackElo "1612"]
[PlyCount "126"]
[EventDate "2009.05.23"]
[EventType "swiss (blitz)"]

1. d4 {[%emt 0:00:04]} Nf6 {[%emt 0:00:02]} 2. c4 {[%emt 0:00:02]} d6 {[%emt 0:
00:01]} 3. Nc3 {[%emt 0:00:03]} g6 {[%emt 0:00:01]} 4. e4 {[%emt 0:00:02]} Bg7
{[%emt 0:00:01]} 5. Nf3 {[%emt 0:00:01]} O-O {[%emt 0:00:01]} 6. Be2 {[%emt 0:
00:04]} e5 {[%emt 0:00:01]} 7. Be3 {[%emt 0:00:07]} Nc6 {[%emt 0:00:02]} 8. d5
{[%emt 0:00:09]} Ne7 {[%emt 0:00:02]} 9. O-O {[%emt 0:00:02]} Ne8 {[%emt 0:00:
01]} 10. Qc2 {[%emt 0:00:13]} f5 {[%emt 0:00:01]} 11. exf5 {[%emt 0:00:04]}
Nxf5 {[%emt 0:00:02]} 12. Bg5 {[%emt 0:00:03]} Bf6 {[%emt 0:00:05]} 13. Ne4 {
[%emt 0:00:10]} Bxg5 {[%emt 0:00:05]} 14. Nexg5 {[%emt 0:00:04]} Neg7 {[%emt 0:
00:04]} 15. Ne4 {[%emt 0:00:08]} Ne7 {[%emt 0:00:05]} 16. Nfg5 {[%emt 0:00:12]}
Bf5 {[%emt 0:00:07]} 17. Bd3 {[%emt 0:00:08]} Qd7 {[%emt 0:00:09]} 18. Ng3 {
[%emt 0:00:14]} Bxd3 {[%emt 0:00:02]} 19. Qxd3 {[%emt 0:00:01]} Nef5 {[%emt 0:
00:03]} 20. Nxf5 {[%emt 0:00:10]} Rxf5 {[%emt 0:00:02]} 21. Ne4 {[%emt 0:00:23]
} Raf8 {[%emt 0:00:04]} 22. f3 {[%emt 0:00:07]} Nh5 {[%emt 0:00:04]} 23. g4 {
[%emt 0:00:17]} Nf4 {[%emt 0:00:04]} 24. Qe3 {[%emt 0:00:06]} R5f7 {[%emt 0:00:
03]} 25. Ng5 {[%emt 0:00:10]} Rf6 {[%emt 0:00:06]} 26. b3 {[%emt 0:00:13]} h6 {
[%emt 0:00:04]} 27. Ne4 {[%emt 0:00:02]} R6f7 {[%emt 0:00:03]} 28. Rac1 {[%emt
0:00:10]} b6 {[%emt 0:00:03]} 29. Rc2 {[%emt 0:00:02]} a5 {[%emt 0:00:02]} 30.
Nc3 {[%emt 0:00:05]} Nh3+ {[%emt 0:00:20]} 31. Kg2 {[%emt 0:00:02]} Nf4+ {
[%emt 0:00:02]} 32. Kg3 {[%emt 0:00:05]} h5 {[%emt 0:00:03]} 33. h3 {[%emt 0:
00:02]} hxg4 {[%emt 0:00:03]} 34. hxg4 {[%emt 0:00:01]} Rh7 {[%emt 0:00:01]}
35. Rh2 {[%emt 0:00:15]} Rxh2 {[%emt 0:00:03]} 36. Kxh2 {[%emt 0:00:02]} Qh7+ {
[%emt 0:00:01]} 37. Kg3 {[%emt 0:00:04]} Qh3+ {[%emt 0:00:02]} 38. Kf2 {[%emt
0:00:01]} Qg2+ {[%emt 0:00:03]} 39. Ke1 {[%emt 0:00:01]} Qg3+ {[%emt 0:00:24] '
} 40. Kd2 {[%emt 0:00:03]} Rf7 {[%emt 0:00:15]} 41. Ne4 {[%emt 0:00:02]} Qg2+ {
[%emt 0:00:06]} 42. Rf2 {[%emt 0:00:01]} Qg1 {[%emt 0:00:05]} 43. Re2 {[%emt 0:
00:06]} Qa1 {[%emt 0:00:05]} 44. Nc3 {[%emt 0:00:05]} Nxe2 {[%emt 0:00:04]} 45.
Qxe2 {[%emt 0:00:01]} Qb2+ {[%emt 0:00:02]} 46. Kd3 {[%emt 0:00:01]} Qxe2+ {
[%emt 0:00:08]} 47. Kxe2 {[%emt 0:00:01]} Rf4 {[%emt 0:00:02]} 48. Ne4 {[%emt
0:00:01]} Kg7 {[%emt 0:00:03]} 49. Ke3 {[%emt 0:00:01]} Kh6 {[%emt 0:00:03]}
50. Kf2 {[%emt 0:00:03]} Rf8 {[%emt 0:00:08]} 51. Kg3 {[%emt 0:00:01]} Kg7 {
[%emt 0:00:01]} 52. Ng5 {[%emt 0:00:03]} Rc8 {[%emt 0:00:10]} 53. Ne4 {[%emt 0:
00:04]} Kf7 {[%emt 0:00:03]} 54. Ng5+ {[%emt 0:00:01]} Ke7 {[%emt 0:00:02]} 55.
Ne6 {[%emt 0:00:02]} c6 {[%emt 0:00:02]} 56. Kf2 {[%emt 0:00:03]} cxd5 {[%emt
0:00:01]} 57. cxd5 {[%emt 0:00:01]} Rc2+ {[%emt 0:00:01]} 58. Ke3 {[%emt 0:00:
00]} Rxa2 {[%emt 0:00:01]} 59. Ng5 {[%emt 0:00:02]} Rb2 {[%emt 0:00:02]} 60.
Kd3 {[%emt 0:00:01]} Rxb3+ {[%emt 0:00:01]} 61. Kc2 {[%emt 0:00:03]} Rb4 {
[%emt 0:00:01]} 62. Kc3 {[%emt 0:00:02]} Rd4 {[%emt 0:00:01]} 63. Ne4 {[%emt 0:
00:02]} Rxd5 {[%emt 0:00:01] Murri resigns} 0-1

[Event "Villarobledo Online Qualifyer"]
[Site "playchess.com #155672"]
[Date "2009.05.23"]
[Round "10"]
[White "Lupi_linares"]
[Black "Direchess"]
[Result "1-0"]
[WhiteElo "1781"]
[BlackElo "2039"]
[PlyCount "79"]
[EventDate "2009.05.23"]
[EventType "swiss (blitz)"]

1. d4 {[%emt 0:00:02]} c5 {[%emt 0:00:00]} 2. d5 {[%emt 0:00:01]} e6 {[%emt 0:
00:00]} 3. c4 {[%emt 0:00:01]} exd5 {[%emt 0:00:01]} 4. cxd5 {[%emt 0:00:01]}
d6 {[%emt 0:00:00]} 5. Nc3 {[%emt 0:00:01]} Nf6 {[%emt 0:00:00]} 6. e4 {[%emt
0:00:01]} Be7 {[%emt 0:00:00]} 7. h3 {[%emt 0:00:02]} O-O {[%emt 0:00:01]} 8.
Nf3 {[%emt 0:00:00]} Nbd7 {[%emt 0:00:01]} 9. Bf4 {[%emt 0:00:08]} a6 {[%emt 0:
00:03]} 10. a4 {[%emt 0:00:01]} Rb8 {[%emt 0:00:03]} 11. Bc4 {[%emt 0:00:03]}
h6 {[%emt 0:00:04]} 12. O-O {[%emt 0:00:11]} Re8 {[%emt 0:00:01]} 13. Re1 {
[%emt 0:00:03]} Bf8 {[%emt 0:00:03]} 14. e5 {[%emt 0:00:01]} dxe5 {[%emt 0:00:
00]} 15. Nxe5 {[%emt 0:00:01]} Nxe5 {[%emt 0:00:00]} 16. Bxe5 {[%emt 0:00:01]}
Bd6 {[%emt 0:00:46]} 17. f4 {[%emt 0:00:04]} Bd7 {[%emt 0:00:16]} 18. Qd3 {
[%emt 0:00:06]} Qc7 {[%emt 0:00:14]} 19. Bxf6 {[%emt 0:00:17]} gxf6 {[%emt 0:
00:01]} 20. Kh1 {[%emt 0:00:25]} Bxf4 {[%emt 0:00:08]} 21. d6 {[%emt 0:00:02]}
Qxd6 {[%emt 0:00:30]} 22. Qg6+ {[%emt 0:00:03]} Kh8 {[%emt 0:00:01]} 23. Bxf7 {
[%emt 0:00:04]} Rf8 {[%emt 0:00:18]} 24. Nd5 {[%emt 0:00:11]} Rxf7 {[%emt 0:00:
15]} 25. Qxf7 {[%emt 0:00:08]} Rf8 {[%emt 0:00:01]} 26. Qh5 {[%emt 0:00:08]}
Bg5 {[%emt 0:00:40]} 27. Rad1 {[%emt 0:00:11]} Qc6 {[%emt 0:00:06]} 28. Ne7 {
[%emt 0:00:08]} Qc7 {[%emt 0:00:04]} 29. Ng6+ {[%emt 0:00:05]} Kg7 {[%emt 0:00:
01]} 30. Nxf8 {[%emt 0:00:02]} Kxf8 {[%emt 0:00:00]} 31. h4 {[%emt 0:00:06]}
Bf4 {[%emt 0:00:03]} 32. Qg6 {[%emt 0:00:17]} Be5 {[%emt 0:00:11]} 33. Qxh6+ {
[%emt 0:00:03]} Kf7 {[%emt 0:00:00]} 34. Qh7+ {[%emt 0:00:07]} Ke6 {[%emt 0:00:
02]} 35. h5 {[%emt 0:00:10]} Qc8 {[%emt 0:00:05]} 36. h6 {[%emt 0:00:24]} Bxa4
{[%emt 0:00:01]} 37. Rc1 {[%emt 0:00:18]} Qc6 {[%emt 0:00:07]} 38. Qg8+ {[%emt
0:00:05]} Kf5 {[%emt 0:00:01]} 39. Rc4 {[%emt 0:00:04]} Bb5 {[%emt 0:00:01]}
40. Qg4# {[%emt 0:00:02]} 1-0